[Event "Bayern-chTT (LL Nord)"]
[Site "Bayern 2008/09"]
[Date "2009.03.15"]
[Round "8.4"]
[White "Wutz, Christoph"]
[Black "Wulfmeyer, Johannes"]
[Result "1/2-1/2"]
[WhiteElo "2132"]
[BlackElo "2098"]
[PlyCount "159"]
[EventDate "2009.03.??"]
[EventType "team-tourn"]
[EventRounds "9"]
[WhiteTeam "Neutraubling 1"]
[BlackTeam "Nürnberg-NT 2"]

1. e4 c5 2. Nf3 d6 3. d4 cxd4 4. Qxd4 a6 5. c4 Nc6 6. Qd2 Nf6 7. Nc3 g6 8. b3
Bg7 9. Bb2 O-O 10. Be2 Qa5 11. Rb1 Bg4 12. O-O Rfc8 13. Rfe1 Rab8 14. a3 Bxf3
15. Bxf3 h5 16. Be2 Qd8 17. Ba1 Nd7 18. Kh1 Nd4 19. Nd5 Nxe2 20. Bxg7 Kxg7 21.
Rxe2 b5 22. cxb5 Rxb5 23. b4 Rbb8 24. h3 Nb6 25. Ne3 Na4 26. Rb3 Kg8 27. Nf5
Qf8 28. Rg3 Kh7 29. Nd4 Qh6 30. f4 e5 31. fxe5 dxe5 32. Nb3 Qxd2 33. Rxd2 Rc3
34. Rxc3 Nxc3 35. Nc5 a5 36. Rd3 axb4 37. axb4 Ne2 38. Rb3 Rb5 39. Rb2 Nd4 40.
Nd3 f5 41. exf5 gxf5 42. Ne1 Kg6 43. Kg1 Nc6 44. Nc2 f4 45. Rb3 Kf5 46. Kf2 h4
47. Rc3 Ne7 48. Rc4 Nd5 49. Kf3 Rb6 50. Rc8 e4+ 51. Ke2 Nxb4 52. Rc5+ Kg6 53.
Nxb4 Rxb4 54. Re5 Rb2+ 55. Kf1 e3 56. Re8 Rf2+ 57. Kg1 Kf7 58. Re4 Kf6 59. Re8
Kf5 60. Re7 Rd2 61. Kf1 Rd6 62. Ke2 Rg6 63. Kf1 Ra6 64. Ke2 Ra2+ 65. Kf1 Ra1+
66. Ke2 Rg1 67. Rg7 Ke4 68. Re7+ Kd5 69. Rd7+ Ke6 70. Rg7 Kf6 71. Rg8 Ra1 72.
Re8 Ra2+ 73. Kf1 Kf7 74. Re4 Rf2+ 75. Kg1 Kg6 76. Re8 f3 77. Rxe3 Rxg2+ 78. Kf1
Rg3 79. Kf2 Rxh3 80. Rxf3 1/2-1/2

[Event "Bayern-chTT (LL Nord)"]
[Site "Bayern 2008/09"]
[Date "2009.03.15"]
[Round "8.5"]
[White "Willim, Michael"]
[Black "Gegenfurtner, Juergen"]
[Result "1-0"]
[WhiteElo "2051"]
[BlackElo "2089"]
[PlyCount "107"]
[EventDate "2009.03.??"]
[EventType "team-tourn"]
[EventRounds "9"]
[WhiteTeam "Nürnberg-NT 2"]
[BlackTeam "Neutraubling 1"]

1. c4 Nf6 2. g3 e5 3. Bg2 d5 4. cxd5 Nxd5 5. Nc3 Nb6 6. Nf3 Nc6 7. O-O Be7 8.
d3 O-O 9. Be3 f5 10. Na4 f4 11. Bc5 Bd6 12. Rc1 Kh8 13. Nd2 Nxa4 14. Qxa4 Bd7
15. Qa3 Nd4 16. Rfe1 Bg4 17. f3 Be6 18. Ne4 Bxc5 19. Qxc5 Nc6 20. b4 Qd5 21. b5
Nd4 22. a4 c6 23. bxc6 bxc6 24. gxf4 exf4 25. Rb1 Rfe8 26. Kf2 Qxc5 27. Nxc5
Bf5 28. Ne4 Re5 29. Rec1 Be6 30. Rb7 Rh5 31. h3 Ra5 32. Nc5 Bd5 33. e3 fxe3+
34. Kxe3 Nf5+ 35. Kd2 Nd4 36. Ke3 Nf5+ 37. Kd2 Nh4 38. Bh1 Re8 39. d4 h6 40.
Kc3 Rxc5+ 41. dxc5 Re3+ 42. Kd2 Ra3 43. Rxa7 Ra2+ 44. Kc3 Ra3+ 45. Kd4 Be6 46.
Re1 Bxh3 47. f4 Bg2 48. Bxg2 Nxg2 49. Rf1 h5 50. f5 Ne3 51. Rf3 Nc2+ 52. Ke4
Rxf3 53. Kxf3 Nd4+ 54. Kf4 1-0

[Event "Bayern-chTT (LL Nord)"]
[Site "Bayern 2008/09"]
[Date "2009.03.15"]
[Round "8.6"]
[White "Dietrich, Reinhard(70)"]
[Black "Reiser, Wolfgang"]
[Result "0-1"]
[WhiteElo "2006"]
[BlackElo "2079"]
[PlyCount "96"]
[EventDate "2009.03.??"]
[EventType "team-tourn"]
[EventRounds "9"]
[WhiteTeam "Neutraubling 1"]
[BlackTeam "Nürnberg-NT 2"]

1. e4 e5 2. Nf3 Nc6 3. d4 exd4 4. Nxd4 Nf6 5. Nxc6 bxc6 6. Bd3 d5 7. e5 Ng4 8.
O-O Be7 9. Qe2 f6 10. e6 Ne5 11. Bf5 g6 12. f4 gxf5 13. fxe5 Bxe6 14. exf6 Bc5+
15. Be3 Bxe3+ 16. Qxe3 Qxf6 17. Re1 Kf7 18. Nd2 Rhe8 19. Nf3 Kg8 20. Ne5 Bf7
21. Qf4 Re7 22. Re3 Rae8 23. Rae1 Bg6 24. c3 c5 25. h3 Kg7 26. Kh2 Kg8 27. R1e2
Kg7 28. Kg1 Kg8 29. h4 Kg7 30. Kh2 Kg8 31. Re1 Qd6 32. g3 d4 33. cxd4 cxd4 34.
R3e2 d3 35. Qc4+ Kg7 36. Re3 d2 37. Rd1 Rxe5 38. Qc3 Qf6 39. Rxe5 Rxe5 40. Rxd2
f4 41. Qxc7+ Kh6 42. Qxa7 fxg3+ 43. Kxg3 Re4 44. Qd7 Qxh4+ 45. Kf3 Bh5+ 46. Kg2
Rg4+ 47. Kf1 Qh1+ 48. Kf2 Qg2+ 0-1

[Event "Bayern-chTT (LL Nord)"]
[Site "Bayern 2008/09"]
[Date "2009.03.15"]
[Round "8.7"]
[White "Vogiatzis, Dimitrios"]
[Black "Maerz, Julian"]
[Result "1/2-1/2"]
[WhiteElo "1988"]
[BlackElo "2015"]
[PlyCount "115"]
[EventDate "2009.03.??"]
[EventType "team-tourn"]
[EventRounds "9"]
[WhiteTeam "Nürnberg-NT 2"]
[BlackTeam "Neutraubling 1"]

1. e4 c5 2. Nc3 Nc6 3. f4 d6 4. Nf3 g6 5. Bb5 Bd7 6. O-O Bg7 7. d3 a6 8. Bxc6
Bxc6 9. Qe1 e6 10. f5 Nf6 11. Qh4 Nd7 12. fxe6 fxe6 13. Qh3 Nf8 14. Ng5 Bf6 15.
Nxe6 Qe7 16. Rxf6 Qxf6 17. Nc7+ Kd8 18. Nxa8 Nd7 19. Qg3 h6 20. Bf4 b5 21. Nb6
Nxb6 22. Bxd6 Nd7 23. Rf1 Qe6 24. b3 g5 25. Rf5 b4 26. Nd1 Re8 27. Bc7+ Kc8 28.
Ba5 Ne5 29. Ne3 Kb7 30. Ng4 Nd7 31. Qc7+ Ka8 32. Bb6 Bb7 33. Bxc5 Rc8 34. Qd6
Nxc5 35. Qxe6 Nxe6 36. Nxh6 Rxc2 37. Rf2 Rc3 38. Rd2 Nf4 39. h3 Rxd3 40. Rxd3
Nxd3 41. Nf7 g4 42. Nd6 gxh3 43. gxh3 Nc5 44. e5 Bd5 45. Kf2 Be6 46. Kg3 Nd3
47. Ne8 Kb7 48. Ng7 Nc5 49. h4 Kc6 50. h5 Kd5 51. Nxe6 Kxe6 52. Kf4 a5 53. h6
Nd3+ 54. Kg5 Nxe5 55. h7 Nf7+ 56. Kg6 Nh8+ 57. Kg7 Ke7 58. Kg8 1/2-1/2

[Event "Bayern-chTT (LL Nord)"]
[Site "Bayern 2008/09"]
[Date "2009.03.15"]
[Round "8.8"]
[White "Werner, Holger(72)"]
[Black "Seeger, Peter"]
[Result "1-0"]
[WhiteElo "1806"]
[BlackElo "1958"]
[PlyCount "59"]
[EventDate "2009.03.??"]
[EventType "team-tourn"]
[EventRounds "9"]
[WhiteTeam "Neutraubling 1"]
[BlackTeam "Nürnberg-NT 2"]

1. e4 c5 2. Nc3 Nc6 3. g3 g6 4. Bg2 Bg7 5. d3 d6 6. Be3 e5 7. Nge2 Nge7 8. O-O
O-O 9. f4 Bg4 10. h3 Be6 11. g4 f5 12. fxe5 Bxe5 13. Bh6 Rf7 14. Nf4 Bd7 15.
exf5 gxf5 16. g5 Bg7 17. Bxg7 Rxg7 18. h4 Qb6 19. Nh5 Qxb2 20. Qd2 Bc8 21. Nxg7
Kxg7 22. Rab1 Qa3 23. h5 Qa5 24. Rfe1 Rb8 25. Rb5 Qd8 26. Ne2 Nb4 27. Qc3+ Kg8
28. Nf4 a6 29. Rxb4 cxb4 30. Qf6 1-0

[Event "Bayern-chTT (LL Nord)"]
[Site "Bayern 2008/09"]
[Date "2009.03.29"]
[Round "9.1"]
[White "Giessmann, Stephan(73)"]
[Black "Tran, Phat"]
[Result "1-0"]
[WhiteElo "2129"]
[BlackElo "2222"]
[PlyCount "83"]
[EventDate "2009.03.??"]
[EventType "team-tourn"]
[EventRounds "9"]
[WhiteTeam "Kelheim 1"]
[BlackTeam "Nürnberg-NT 2"]

1. d4 Nf6 2. Nf3 b6 3. Bg5 Bb7 4. Nbd2 h6 5. Bh4 e6 6. e3 Be7 7. Bd3 d6 8. e4
Nbd7 9. O-O d5 10. e5 Ne4 11. Bxe7 Qxe7 12. Qe2 Nxd2 13. Nxd2 c5 14. c3 O-O 15.
a3 f5 16. exf6 Rxf6 17. f4 Bc6 18. g3 Nf8 19. Nf3 Be8 20. Ne5 Nd7 21. Ng4 Rf8
22. Rae1 h5 23. Ne5 Rf6 24. Nf3 Qd6 25. Ng5 Nf8 26. h4 Rc8 27. Rf3 cxd4 28.
cxd4 b5 29. Bxb5 Bxb5 30. Qxb5 Rb8 31. Qe2 Qb6 32. Rd3 Ng6 33. Qxh5 Qxb2 34.
Rxe6 Rxe6 35. Qh7+ Kf8 36. Nxe6+ Ke7 37. Qxg7+ Kd6 38. Qxg6 Qb1+ 39. Kg2 Rb2+
40. Kh3 Qh1+ 41. Kg4 Qe4 42. Qxe4 1-0

[Event "Bayern-chTT (LL Nord)"]
[Site "Bayern 2008/09"]
[Date "2009.03.29"]
[Round "9.2"]
[White "Sommer, Matthias(70)"]
[Black "Kreuzer, Helmut"]
[Result "1/2-1/2"]
[WhiteElo "2141"]
[BlackElo "2194"]
[PlyCount "128"]
[EventDate "2009.03.??"]
[EventType "team-tourn"]
[EventRounds "9"]
[WhiteTeam "Nürnberg-NT 2"]
[BlackTeam "Kelheim 1"]

1. d4 d5 2. c4 e6 3. Nc3 Be7 4. cxd5 exd5 5. Bf4 c6 6. e3 Bf5 7. Nge2 Nf6 8.
Ng3 Bg6 9. Bd3 Bxd3 10. Qxd3 Nbd7 11. O-O Nf8 12. Bg5 Ne6 13. Bxf6 Bxf6 14. b4
a6 15. Rab1 O-O 16. Rfc1 g6 17. Na4 Rb8 18. Nf1 Be7 19. Nc5 Nxc5 20. bxc5 Qd7
21. Rb3 f5 22. f4 Rbc8 23. Nd2 Rf7 24. Rcb1 Rc7 25. Nf3 Bf6 26. Ne5 Bxe5 27.
fxe5 Qe7 28. Qd2 Kg7 29. R3b2 h5 30. g3 Qg5 31. Qf2 Kh7 32. Qf4 Qe7 33. Rf1 Qe6
34. Qg5 Kg7 35. Rf4 Rc8 36. h3 Rcf8 37. Kg2 Kh7 38. Rb1 Kg7 39. Rbf1 Kg8 40.
Kg1 Kg7 41. R4f2 Kg8 42. Kg2 Kg7 43. g4 fxg4 44. Rxf7+ Rxf7 45. Rxf7+ Kxf7 46.
hxg4 hxg4 47. Kg3 Qf5 48. Qxg4 Qb1 49. Qd7+ Kg8 50. Qe6+ Kg7 51. Qf6+ Kh7 52.
Qf7+ Kh6 53. Qf2 Kg7 54. Qf6+ Kh7 55. Qh4+ Kg7 56. Qh2 Qf5 57. Qh4 Qb1 58. a3
Qe1+ 59. Kg4 Qe2+ 60. Kf4 Qf1+ 61. Kg4 Qe2+ 62. Kf4 Qf1+ 63. Kg4 Qe2+ 64. Kf4
Qf1+ 1/2-1/2

[Event "Bayern-chTT (LL Nord)"]
[Site "Bayern 2008/09"]
[Date "2009.03.29"]
[Round "9.3"]
[White "Fuhrmann, Max(90)"]
[Black "Demburg, Dimitrij"]
[Result "1-0"]
[WhiteElo "2134"]
[BlackElo "2071"]
[PlyCount "83"]
[EventDate "2009.03.??"]
[EventType "team-tourn"]
[EventRounds "9"]
[WhiteTeam "Kelheim 1"]
[BlackTeam "Nürnberg-NT 2"]

1. e4 e6 2. d4 d5 3. Nc3 Bb4 4. exd5 exd5 5. Bd3 Nc6 6. a3 Be7 7. Nce2 Nf6 8.
Bf4 Bg4 9. c3 Nh5 10. Be3 Be6 11. Nf4 Nxf4 12. Bxf4 Bd6 13. Qf3 Qe7 14. Bxd6
Qxd6 15. Ne2 O-O-O 16. Qg3 Qxg3 17. hxg3 Kb8 18. Kd2 h6 19. Nf4 Bc8 20. Rh5 g5
21. Ne2 Rd6 22. Rah1 g4 23. Nf4 Rf6 24. Rxd5 a6 25. Rdh5 Ne7 26. Re5 Ng6 27.
Bxg6 fxg6 28. Ke3 c6 29. Nd3 Bf5 30. Nc5 h5 31. Re7 Bc8 32. Ne4 Rf5 33. f4 gxf3
34. gxf3 Rhf8 35. f4 Rb5 36. b4 a5 37. Nc5 axb4 38. axb4 b6 39. Nd3 Bf5 40. c4
Bxd3 41. cxb5 Bxb5 42. Ra1 1-0

[Event "Bayern-chTT (LL Nord)"]
[Site "Bayern 2008/09"]
[Date "2009.03.29"]
[Round "9.4"]
[White "Willim, Michael"]
[Black "Eibl, Maximilian"]
[Result "0-1"]
[WhiteElo "2051"]
[BlackElo "1992"]
[PlyCount "140"]
[EventDate "2009.03.??"]
[EventType "team-tourn"]
[EventRounds "9"]
[WhiteTeam "Nürnberg-NT 2"]
[BlackTeam "Kelheim 1"]

1. Nf3 Nf6 2. c4 e6 3. g3 b6 4. Bg2 Bb7 5. O-O Be7 6. b3 d6 7. Bb2 Nbd7 8. Qc2
O-O 9. d3 c5 10. a3 Qc7 11. Bc3 d5 12. e3 Rfe8 13. Qb2 Bd6 14. cxd5 exd5 15. b4
Rad8 16. Nbd2 Bf8 17. Rfc1 Ba6 18. Bf1 Qd6 19. Rab1 h6 20. Qc2 Qe6 21. bxc5
bxc5 22. Qa4 Rb8 23. Nb3 Bb5 24. Qa5 Qa6 25. Qxa6 Bxa6 26. Na5 Rb6 27. Rxb6
axb6 28. Nc6 Bb7 29. Nce5 Nxe5 30. Nxe5 Bd6 31. f4 Ra8 32. Bb2 Kf8 33. Rb1 Ke7
34. Bg2 Ra4 35. Bf3 Bc7 36. Kf2 Ba6 37. Be2 Ke6 38. Nc6 Bb7 39. Ne5 g6 40. Ke1
Nd7 41. Bg4+ f5 42. Bd1 Ra8 43. Nxg6 c4 44. Bc2 Nc5 45. Ke2 d4 46. Rd1 cxd3+
47. Bxd3 Nxd3 48. Kxd3 Be4+ 49. Kd2 dxe3+ 50. Kxe3 Bd6 51. Ne5 Bxa3 52. Bd4 b5
53. g4 Bd6 54. gxf5+ Bxf5 55. Ra1 Rxa1 56. Bxa1 Kd5 57. Nf3 b4 58. Nd2 Bc5+ 59.
Kf3 Bd4 60. Bxd4 Kxd4 61. Nb3+ Kc3 62. Na5 b3 63. Nxb3 Kxb3 64. Kg3 Kc4 65. Kh4
Bg6 66. f5 Bf7 67. Kg4 Kd5 68. Kf4 Kd4 69. h4 Bh5 70. f6 Bf7 0-1

[Event "Bayern-chTT (LL Nord)"]
[Site "Bayern 2008/09"]
[Date "2009.03.29"]
[Round "9.5"]
[White "Kreuzer, Gerhard"]
[Black "Reiser, Wolfgang"]
[Result "1/2-1/2"]
[WhiteElo "2189"]
[BlackElo "2079"]
[PlyCount "50"]
[EventDate "2009.03.??"]
[EventType "team-tourn"]
[EventRounds "9"]
[WhiteTeam "Kelheim 1"]
[BlackTeam "Nürnberg-NT 2"]

1. c4 Nf6 2. Nc3 e5 3. Nf3 Nc6 4. e3 Be7 5. d4 exd4 6. Nxd4 O-O 7. Be2 d5 8.
cxd5 Nb4 9. e4 Nxe4 10. Nxe4 Qxd5 11. O-O Qxe4 12. Bf3 Qd3 13. a3 Qxd1 14. Rxd1
Na6 15. Bf4 c6 16. b4 Bf6 17. b5 cxb5 18. Rab1 b4 19. axb4 Rd8 20. Nb5 Bf5 21.
Bxb7 Bxb1 22. Rxb1 Nxb4 23. Bxa8 Nd3 24. Be3 Rxa8 25. Bxa7 Rc8 1/2-1/2

[Event "Bayern-chTT (LL Nord)"]
[Site "Bayern 2008/09"]
[Date "2009.03.29"]
[Round "9.6"]
[White "Sargin, Anatol"]
[Black "Frieser, Klaus"]
[Result "1/2-1/2"]
[WhiteElo "2118"]
[BlackElo "2107"]
[PlyCount "142"]
[EventDate "2009.03.??"]
[EventType "team-tourn"]
[EventRounds "9"]
[WhiteTeam "Nürnberg-NT 2"]
[BlackTeam "Kelheim 1"]

1. e4 e5 2. Nf3 Nf6 3. Nxe5 d6 4. Nf3 Nxe4 5. d4 d5 6. Bd3 Be7 7. O-O Nc6 8. c4
Nb4 9. cxd5 Nxd3 10. Qxd3 Nf6 11. Qb5+ Qd7 12. Qxd7+ Bxd7 13. Nc3 O-O-O 14. Re1
Bb4 15. Bg5 Rde8 16. Bxf6 gxf6 17. Re3 Reg8 18. a3 Bd6 19. Nd2 Bf4 20. Re2 Bg4
21. f3 Bxd2 22. Rxd2 Bxf3 23. Rf2 Bh5 24. Rxf6 Rg4 25. Rd1 Re8 26. Rf5 Rh4 27.
Rd2 Bg6 28. Re5 Rd8 29. g3 Rg4 30. Kf2 f6 31. Re7 Rd7 32. Re6 f5 33. h3 Rg5 34.
Rde2 Rg7 35. R2e3 Bf7 36. R6e5 f4 37. gxf4 Rg2+ 38. Kf3 R7g3+ 39. Ke4 Rxe3+ 40.
Kxe3 Rg3+ 41. Ke4 Rxh3 42. Kf5 Rf3 43. Kg5 h6+ 44. Kf5 Kd8 45. Nb5 Rb3 46. Nxc7
Kxc7 47. Re7+ Kd6 48. Rxf7 Rxb2 49. Rf8 Kxd5 50. Rd8+ Kc6 51. Rh8 Kd5 52. Rd8+
Kc6 53. Ke6 Re2+ 54. Kf6 Ra2 55. f5 Rxa3 56. Ke6 Re3+ 57. Kf7 a5 58. f6 a4 59.
d5+ Kc7 60. Re8 Rf3 61. Re4 Kd6 62. Rxa4 Kxd5 63. Rb4 Kc6 64. Kg7 b5 65. f7 Kc5
66. Rb1 b4 67. Rh1 b3 68. Rxh6 b2 69. Rf6 Rxf6 70. Kxf6 b1=Q 71. f8=Q+ Kd4
1/2-1/2

[Event "Bayern-chTT (LL Nord)"]
[Site "Bayern 2008/09"]
[Date "2009.03.29"]
[Round "9.7"]
[White "Maurer, Heinrich(46)"]
[Black "Just, Hannes"]
[Result "1/2-1/2"]
[WhiteElo "2063"]
[BlackElo "2095"]
[PlyCount "74"]
[EventDate "2009.03.??"]
[EventType "team-tourn"]
[EventRounds "9"]
[WhiteTeam "Kelheim 1"]
[BlackTeam "Nürnberg-NT 2"]

1. e4 d6 2. d4 Nf6 3. Nc3 g6 4. Nf3 Bg7 5. Bc4 Nxe4 6. Bxf7+ Kxf7 7. Nxe4 h6 8.
c3 d5 9. Ng3 Qd6 10. O-O Rf8 11. Qd3 Nc6 12. Bd2 Kg8 13. Nh4 Kh7 14. Nh5 e5 15.
Nxg7 Kxg7 16. dxe5 Nxe5 17. Qg3 Nc4 18. Qxd6 Nxd6 19. Rae1 g5 20. Nf3 Ne4 21.
Bc1 b6 22. Nd4 c5 23. Nb5 Ba6 24. Nc7 Bxf1 25. Rxf1 Rad8 26. Ne6+ Kf6 27. Nxf8
Rxf8 28. f3 Nd6 29. Rd1 Ke6 30. h4 gxh4 31. Bxh6 Rh8 32. Bf4 Nf7 33. Kf2 Kf5
34. Bc1 Rd8 35. Rh1 Rh8 36. Rd1 Rd8 37. Rh1 Rh8 1/2-1/2

[Event "Bayern-chTT (LL Nord)"]
[Site "Bayern 2008/09"]
[Date "2009.03.29"]
[Round "9.8"]
[White "Vogiatzis, Dimitrios"]
[Black "Weigert, Wilhelm"]
[Result "1-0"]
[WhiteElo "1975"]
[BlackElo "1993"]
[PlyCount "121"]
[EventDate "2009.03.??"]
[EventType "team-tourn"]
[EventRounds "9"]
[WhiteTeam "Nürnberg-NT 2"]
[BlackTeam "Kelheim 1"]

1. e4 d6 2. d4 Nf6 3. Bd3 e5 4. c3 d5 5. dxe5 Nxe4 6. Bxe4 dxe4 7. Qxd8+ Kxd8
8. Bg5+ Be7 9. Bxe7+ Kxe7 10. Nd2 Bf5 11. Ne2 Nc6 12. Ng3 Bg6 13. Ndxe4 Nxe5
14. O-O Rhe8 15. f4 Bxe4 16. fxe5 Bd5 17. b3 Rad8 18. Rad1 b6 19. Rfe1 Be6 20.
h3 a5 21. Kf2 a4 22. c4 axb3 23. axb3 Rxd1 24. Rxd1 Ra8 25. Ne2 Ra2 26. Ke3 Rb2
27. Rd3 Bf5 28. Rc3 c5 29. g4 Bc2 30. Nf4 Bxb3 31. Nd5+ Ke6 32. Nxb6 Kxe5 33.
Nd7+ Kd6 34. Rd3+ Kc6 35. Ne5+ Kb6 36. Rd6+ Ka5 37. Rc6 Rh2 38. Rxc5+ Kb4 39.
Nd3+ Kc3 40. Rh5 Bxc4 41. Nf2 Rg2 42. Rxh7 g6 43. Rh8 Rg1 44. Ne4+ Kb4 45. Rb8+
Ka5 46. Kd4 Be6 47. Nc5 Bxg4 48. hxg4 Rxg4+ 49. Kd5 Rf4 50. Nb3+ Ka4 51. Nd4
Ka3 52. Kc4 Rf1 53. Rb3+ Ka4 54. Rb2 Rc1+ 55. Nc2 Ka5 56. Kc5 Ka6 57. Kd6 Rf1
58. Nd4 g5 59. Nc6 g4 60. Kc7 g3 61. Rb6# 1-0

[Event "Bayern-chTT (LL Nord)"]
[Site "Bayern 2008/09"]
[Date "2009.03.29"]
[Round "9.1"]
[White "Loos, Roland"]
[Black "Vagner, Tomas"]
[Result "1-0"]
[WhiteElo "2276"]
[BlackElo "2216"]
[PlyCount "87"]
[EventDate "2009.03.??"]
[EventType "team-tourn"]
[EventRounds "9"]
[WhiteTeam "Neutraubling 1"]
[BlackTeam "Erlangen-SC 1"]

1. d4 g6 2. c4 Bg7 3. Nf3 c5 4. d5 d6 5. e4 Nf6 6. Nc3 a6 7. h3 O-O 8. Bd3 b5
9. cxb5 axb5 10. Nxb5 Ba6 11. Nc3 c4 12. Bc2 Nbd7 13. O-O Nc5 14. Be3 Nfd7 15.
Qd2 Qb6 16. Rab1 Ne5 17. Nxe5 Bxe5 18. Na4 Qc7 19. Nxc5 dxc5 20. Rfc1 Rfb8 21.
Bd1 Rb4 22. f4 Bg7 23. e5 Rd8 24. a3 Rbb8 25. Be2 g5 26. Bxc4 Bxc4 27. Rxc4
gxf4 28. Bxf4 Bxe5 29. Bxe5 Qxe5 30. Rxc5 Rb3 31. Qf2 Rxd5 32. Rxd5 Qxd5 33.
Re1 e5 34. Rc1 Kg7 35. Rf1 Qe6 36. Re1 f5 37. Rc1 f4 38. Rc7+ Kg8 39. Qc2 e4
40. Rc6 Qd5 41. Rc8+ Kg7 42. Qc7+ Kg6 43. Rd8 Qf5 44. Qc6+ 1-0

[Event "Bayern-chTT (LL Nord)"]
[Site "Bayern 2008/09"]
[Date "2009.03.29"]
[Round "9.2"]
[White "Horak, Michal"]
[Black "Hitzler, Philipp"]
[Result "1/2-1/2"]
[WhiteElo "2286"]
[BlackElo "2204"]
[PlyCount "121"]
[EventDate "2009.03.??"]
[EventType "team-tourn"]
[EventRounds "9"]
[WhiteTeam "Erlangen-SC 1"]
[BlackTeam "Neutraubling 1"]

1. e4 e5 2. Bc4 Nc6 3. Nf3 Be7 4. c3 Nf6 5. Qe2 O-O 6. Bb3 Re8 7. d3 d6 8. h3
Be6 9. Bc2 a6 10. g4 d5 11. Nbd2 d4 12. Nf1 b5 13. Ng3 Nd7 14. O-O Nf8 15. cxd4
Nxd4 16. Nxd4 Qxd4 17. Nf5 Qd7 18. Nxe7+ Rxe7 19. Be3 Qd6 20. Rfd1 c5 21. b4
cxb4 22. d4 Bc4 23. Qf3 Ng6 24. dxe5 Qxe5 25. Bd4 Qf4 26. Qxf4 Nxf4 27. Bc5 Re6
28. Bxb4 Nxh3+ 29. Kg2 Nf4+ 30. Kg3 Ne2+ 31. Kg2 Nf4+ 32. Kg3 Ne2+ 33. Kg2 h5
34. gxh5 a5 35. Bd2 Nd4 36. Bb1 Be2 37. Rc1 Bxh5 38. Rc3 Rd8 39. Bg5 Rg6 40.
Rg3 Bf3+ 41. Kh2 f6 42. Be3 Rxg3 43. Kxg3 Be2 44. a4 b4 45. Ba2+ b3 46. Bxd4
bxa2 47. Rxa2 Rxd4 48. Rxe2 Rxa4 49. Kf4 Kf7 50. Rc2 Rb4 51. Rc7+ Kg6 52. Ra7
a4 53. f3 Kh6 54. Ra6 Rc4 55. Kg4 Kg6 56. Kf4 Kf7 57. Ra7+ Kg8 58. Ra8+ Kh7 59.
Ra7 Rb4 60. Kg4 Rc4 61. Kf4 1/2-1/2

[Event "Bayern-chTT (LL Nord)"]
[Site "Bayern 2008/09"]
[Date "2009.03.29"]
[Round "9.3"]
[White "Werner, Claus"]
[Black "Promyshlyanskiy, Vitaliy"]
[Result "0-1"]
[WhiteElo "2197"]
[BlackElo "2196"]
[PlyCount "56"]
[EventDate "2009.03.??"]
[EventType "team-tourn"]
[EventRounds "9"]
[WhiteTeam "Neutraubling 1"]
[BlackTeam "Erlangen-SC 1"]

1. d4 Nf6 2. c4 Nc6 3. Nf3 e6 4. g3 Bb4+ 5. Bd2 Qe7 6. Bg2 Bxd2+ 7. Qxd2 Ne4 8.
Qc2 Qb4+ 9. Nbd2 Nxd2 10. Qxd2 Qxc4 11. O-O a5 12. e4 Qb4 13. Qe3 O-O 14. a3
Qb6 15. Rfc1 d5 16. Rc5 a4 17. exd5 exd5 18. Ng5 Qxb2 19. Rd1 Bg4 20. Qd3 g6
21. Rb1 Qxd4 22. Qxd4 Nxd4 23. Rxb7 h6 24. Rb4 Rfb8 25. Bxd5 Rxb4 26. axb4 c6
27. Nxf7 cxd5 28. Nxh6+ Kf8 0-1

[Event "Bayern-chTT (LL Nord)"]
[Site "Bayern 2008/09"]
[Date "2009.03.29"]
[Round "9.4"]
[White "Liepold, Stefan"]
[Black "Wutz, Christoph"]
[Result "0-1"]
[WhiteElo "2217"]
[BlackElo "2132"]
[PlyCount "148"]
[EventDate "2009.03.??"]
[EventType "team-tourn"]
[EventRounds "9"]
[WhiteTeam "Erlangen-SC 1"]
[BlackTeam "Neutraubling 1"]

1. e4 e6 2. d4 d5 3. e5 c5 4. c3 Qb6 5. Nf3 Nc6 6. a3 Nh6 7. b4 cxd4 8. cxd4
Nf5 9. Be3 f6 10. exf6 gxf6 11. Bd3 Nxe3 12. fxe3 Bh6 13. Qe2 O-O 14. Nc3 Bd7
15. O-O Ne7 16. Rae1 Rac8 17. Nd1 Bg7 18. Nh4 Be8 19. Kh1 Kh8 20. g4 Qd6 21.
Rf3 a5 22. bxa5 Qxa3 23. Rh3 Rc7 24. a6 bxa6 25. Bxa6 e5 26. dxe5 fxe5 27. Nf3
Bg6 28. Ng5 Rc2 29. Qb5 Qd6 30. Rf1 Rxf1+ 31. Qxf1 Qf6 32. Nxh7 Qxf1+ 33. Bxf1
Rc1 34. Nf6+ Bh6 35. Be2 Kg7 36. Nh5+ Kf7 37. Kg2 Be4+ 38. Kf2 Kg6 39. Ng3 Bc2
40. Nb2 d4 41. exd4 exd4 42. Nf1 Nd5 43. Nd3 Ra1 44. Rf3 Nf6 45. Ne5+ Kg7 46.
Ng3 Ne4+ 47. Nxe4 Bxe4 48. Rf7+ Kh8 49. Bd3 Ra2+ 50. Kg3 Ra3 51. Rd7 Bg7 52.
Kf4 Bxd3 53. Rxd4 Bc2 54. Rc4 Bb3 55. Rc3 Ra4+ 56. Ke3 Bd5 57. Rc8+ Kh7 58. Nd3
Rxg4 59. Rc7 Kh6 60. Rd7 Bd4+ 61. Ke2 Rg2+ 62. Kf1 Rg5 63. Rd6+ Kg7 64. Ke2 Bf6
65. Nf4 Re5+ 66. Kd3 Bf7 67. Rd7 Bg5 68. Nh5+ Kg6 69. Ng3 Re3+ 70. Kd4 Re1 71.
Rd6+ Bf6+ 72. Kc5 Kg5 73. h4+ Kg6 74. Nh5 Re5+ 0-1

[Event "Bayern-chTT (LL Nord)"]
[Site "Bayern 2008/09"]
[Date "2009.03.29"]
[Round "9.5"]
[White "Gegenfurtner, Juergen"]
[Black "Walter, Thomas(78)"]
[Result "0-1"]
[WhiteElo "2089"]
[BlackElo "2069"]
[PlyCount "138"]
[EventDate "2009.03.??"]
[EventType "team-tourn"]
[EventRounds "9"]
[WhiteTeam "Neutraubling 1"]
[BlackTeam "Erlangen-SC 1"]

1. e4 e5 2. Nf3 Nc6 3. Bb5 a6 4. Ba4 Nf6 5. O-O d6 6. Re1 Bg4 7. c3 Be7 8. d3
O-O 9. h3 Bh5 10. Nbd2 Nd7 11. Nf1 Nc5 12. Bxc6 bxc6 13. Ng3 Bg6 14. d4 exd4
15. cxd4 Ne6 16. Qa4 c5 17. d5 Ng5 18. Nd2 h5 19. f4 h4 20. Ngf1 Nh7 21. Nc4 f5
22. exf5 Bxf5 23. Na5 Bf6 24. Nc6 Qd7 25. Bd2 Qf7 26. Bc3 Rfe8 27. Ne3 Bd3 28.
Qd1 Be4 29. Rf1 Bxc3 30. bxc3 Nf6 31. c4 Qg6 32. Qd2 Nh5 33. Qf2 Ng3 34. Rfe1
Qf6 35. Ng4 Qc3 36. Rac1 Qa3 37. Qd2 Qd3 38. Qb2 Bf5 39. Ne7+ Kf7 40. Nf2 Qd4
41. Qxd4 cxd4 42. Nxf5 Nxf5 43. Ne4 Rab8 44. Ng5+ Kf6 45. Kf2 Rb2+ 46. Kf3 Re3+
47. Rxe3 dxe3 48. Ne4+ Ke7 49. g4 hxg3 50. Nxg3 Rf2+ 51. Kg4 Nh6+ 52. Kg5 Rg2
53. Kh4 Kf6 54. Re1 e2 55. Rxe2 Nf5+ 56. Nxf5 Rxe2 57. Nd4 Re4 58. Ne6 Rxc4 59.
Kg4 c6 60. Nc7 g5 61. dxc6 Rxf4+ 62. Kg3 Rc4 63. Nxa6 Rxc6 64. Nb8 Rc3+ 65. Kg4
Rc4+ 66. Kg3 Ke6 67. Na6 Ra4 68. Nc7+ Kf5 69. Nd5 Ra3+ 0-1

[Event "Bayern-chTT (LL Nord)"]
[Site "Bayern 2008/09"]
[Date "2009.03.29"]
[Round "9.6"]
[White "Martin Fernandez, Rodrigo"]
[Black "Dietrich, Reinhard(70)"]
[Result "1/2-1/2"]
[WhiteElo "2086"]
[BlackElo "2006"]
[PlyCount "204"]
[EventDate "2009.03.??"]
[EventType "team-tourn"]
[EventRounds "9"]
[WhiteTeam "Erlangen-SC 1"]
[BlackTeam "Neutraubling 1"]

1. d4 Nf6 2. c4 Nc6 3. Nc3 d5 4. cxd5 Nxd5 5. e4 Nxc3 6. bxc3 e5 7. d5 Nb8 8.
Nf3 Bd6 9. Bd3 O-O 10. O-O Nd7 11. Be3 Qe7 12. Bc2 Nc5 13. Nd2 Bd7 14. Rb1 b5
15. c4 a6 16. Qe2 c6 17. Rfd1 cxd5 18. cxd5 Rac8 19. Nf1 f6 20. Ng3 g6 21. Qd2
Kh8 22. f3 Qf7 23. Kh1 Rg8 24. Rbc1 h5 25. Ne2 Qe7 26. Qa5 Ra8 27. Qe1 Rg7 28.
Qh4 Rc8 29. Qf2 Nb7 30. Bd3 Rgg8 31. Rxc8 Rxc8 32. Qh4 Kg7 33. Qg3 Bc5 34. Bd2
Nd6 35. Rc1 Ba3 36. Rxc8 Bxc8 37. f4 b4 38. Qe3 exf4 39. Nxf4 Nf7 40. Qb6 Qe5
41. h3 Qa1+ 42. Kh2 Qxa2 43. Be3 Bb2 44. Qxb4 Be5 45. Kg1 Qa1+ 46. Kf2 h4 47.
Qc5 Qc3 48. Qxc3 Bxc3 49. Ne2 Bb4 50. Nd4 Ne5 51. Be2 Kf7 52. Nc2 Bc3 53. Nd4
Ke7 54. Nf3 Nxf3 55. Bc5+ Kd7 56. Bxf3 Kc7 57. Ke3 Kb7 58. Kd3 Be5 59. Kc4 Bd7
60. Kb4 Bb2 61. Bf2 g5 62. Be3 a5+ 63. Kb3 Be5 64. Bg4 Bb5 65. Bc5 Kc7 66. Be7
Bd3 67. Bf3 Bb5 68. Bc5 Kd7 69. Bg4+ Kc7 70. Be7 Bd3 71. Bf3 Bb5 72. Bc5 Kb7
73. Ba3 Bd4 74. d6 Be5 75. Bb2 Kc6 76. Bc1 Kxd6 77. Bd2 a4+ 78. Ka3 Kc5 79.
Be3+ Kd6 80. Bd2 Bd4 81. Ba5 Bc5+ 82. Kb2 Ke5 83. Kc3 Bd4+ 84. Kb4 Bc6 85. Bc7+
Ke6 86. Bg4+ Ke7 87. Bf3 Bb2 88. Bb6 Ke6 89. Bc5 Ke5 90. Be7 Kf4 91. Bd6+ Ke3
92. Bc5+ Kd3 93. Be7 Bxe4 94. Bxe4+ Kxe4 95. Kxa4 Ke3 96. Kb3 Be5 97. Bc5+ Bd4
98. Bd6 Kf2 99. Kc4 Bb6 100. Be7 Kxg2 101. Bxf6 Kxh3 102. Bxg5 Kg3 1/2-1/2